000 00617nam a2200265Ia 4500
005 20260306164322.0
008 008 260114s9999 xx 000 0 eng d
020 _a9780801460746
037 _aEBOOK
040 _aCRL
040 _beng
040 _cCRL
041 _2eng
041 _aeng
084 _qCRL
100 _aGregory
245 0 _aEncountering Religion In The Workplace
260 _bCornell University Press
260 _c2016
650 _aEconomics & Finance
856 _uhttps://academic.oup.com/book/23396
942 _cEBOOK
999 _c1713633
_d1713633